000 00794nam a2200217 a 4500
001 000016105
005 20240412074245.0
008 100225s1968 dr r 001 d spa d
040 _aDO-SdBNP
_bspa
_cBNPHU
082 _aRD862.44
_bD671te
100 1 _aDomínguez, Franklín,
_d1931-
_914950
245 1 0 _aTeatro /
_cFranklín Domínguez.
260 _aSanto Domingo :
_bEdiciones de la Sociedad de Autores y Compositores Dramáticos,
_c1968.
300 _a231 p. ;
_c23 cm.
500 _aIncluye datos biográficos del autor.
505 0 _gDatos del autor --
_tEspigas maduras --
_tAntígona mujer
_tLos actores --
_tEl encuentro.
590 _aInventariado, 2019/DG
650 0 _aTeatro dominicano
_9637
650 0 _aLiteratura dominicana.
_967
910 _aValidado. Control de calidad. EMS
999 _c15646
_d15646